000 01133cam a22002414a 4500
005 20250605164108.0
008 250528s ||||||||||||||||||||||||d
035 _a17792
020 _a9780340900468
040 _aGR-AtMCL
_bgre
_dGR-AtMCL
_eAACR2
245 1 _aA Textbook of Clinical Pharmacology and Therapeutics / Fifth Edition
250 _a5th
260 _bCrc Press,
_c2008
300 _a466
520 _aThis book focuses on what medical students and junior doctors really need to know in order to understand the implications of prescribing one drug over, or in combination with, another. Foreword, Preface, Acknowledgements, General Principles, The Nervous System, The Musculoskeletal System, The Cardiovascular System, The Respiratory System, The Alimentary System, Fluids and Electrolytes, The Endocrine System, Selective Toxicity, Haematology, Immunopharmacology, The Skins, The Eye, Clinical Toxicology, Index.
700 1 _aFerro Albert
_94040
700 1 _aLewis Lionel D
_94041
700 1 _aMant Timothy Gk
_94042
700 1 _aRitter James M
_94043
942 _cBK
999 _c3192
_d3192